| 000 | 00384nam a2200133Ia 4500 | ||
|---|---|---|---|
| 008 | 231017s9999 xx 000 0 und d | ||
| 082 | _a625.85 | ||
| 082 | _bROQ | ||
| 245 | 0 | _aNCHRP Web-Only Document 162: Top Down Cracking of Hot Mix Asphalt Layers: Models for Initiation and Propagation | |
| 245 | 0 | _cReynaldo Roque | |
| 260 | _bReynaldo Roque | ||
| 300 | _c30cm | ||
| 942 | _cREP | ||
| 999 |
_c604808 _d604808 |
||